[Event "12. Open de Sants 2010"]
[Site "Barcelona ESP"]
[Date "2010.08.25"]
[Round "6.4"]
[White "Zoler, Dan"]
[Black "Khmelniker, Ilya"]
[Result "1/2-1/2"]
[WhiteElo "2474"]
[BlackElo "2483"]
[PlyCount "56"]
[EventDate "2010.08.20"]
[EventType "swiss"]
[EventRounds "10"]
[EventCountry "ESP"]
[Source "lmi"]
[SourceDate "2010.08.20"]

1. d4 Nf6 2. c4 g6 3. g3 c6 4. Bg2 d5 5. Nd2 Bg7 6. Ngf3 O-O 7. O-O Ne4 8. e3
Nxd2 9. Nxd2 Be6 10. Qb3 Qd7 11. cxd5 Bxd5 12. Qc2 Bxg2 13. Kxg2 Na6 14. Nb3
Rac8 15. Rd1 c5 16. dxc5 Qa4 17. Qe2 Nxc5 18. Nd4 Ne4 19. b3 Nc3 20. bxa4 Nxe2
21. Bb2 Rfd8 22. Nxe2 Bxb2 23. Rxd8+ Rxd8 24. Rb1 Rd2 25. Kf1 Rc2 26. Ke1 Ba3
27. Rxb7 a5 28. Nd4 Rxa2 1/2-1/2

[Event "12. Open de Sants 2010"]
[Site "Barcelona ESP"]
[Date "2010.08.25"]
[Round "6.6"]
[White "Kempinski, Robert"]
[Black "Perez Mitjans, Orelvis"]
[Result "0-1"]
[WhiteElo "2612"]
[BlackElo "2424"]
[PlyCount "115"]
[EventDate "2010.08.20"]
[EventType "swiss"]
[EventRounds "10"]
[EventCountry "ESP"]
[Source "lmi"]
[SourceDate "2010.08.20"]

1. Nf3 g6 2. d4 Nf6 3. c4 c5 4. d5 b5 5. cxb5 a6 6. bxa6 Bg7 7. Nc3 Bxa6 8. g3
d6 9. Bg2 O-O 10. O-O Nbd7 11. Rb1 Qa5 12. Bd2 Rfb8 13. Ne1 Bc4 14. Nc2 Ne8 15.
Na3 Ba6 16. Qc1 Rb7 17. Re1 Qd8 18. Qc2 Qb8 19. Nd1 Nc7 20. Bc3 Bf8 21. e4 Nb5
22. Nxb5 Bxb5 23. b3 Ra3 24. Ba1 Qa7 25. Nc3 Bg7 26. Bb2 Ra5 27. a4 Ba6 28. Ba1
Qb8 29. Bf1 Ne5 30. Kg2 Bxf1+ 31. Rxf1 c4 32. bxc4 Rc5 33. Qe2 Nxc4 34. Nb5
Bxa1 35. Rxa1 h5 36. Rfc1 Qc8 37. Rc3 Ne5 38. Rxc5 Qxc5 39. Ra2 Qb4 40. Qc2 Kh7
41. Rb2 Qe1 42. Rb1 Qa5 43. Qc8 Rb6 44. Qc2 Rb8 45. Rd1 Ra8 46. Rd4 Qe1 47. h3
g5 48. Rd1 Qb4 49. Qe2 g4 50. hxg4 hxg4 51. Qe3 Rxa4 52. Nd4 Ng6 53. Qg5 Qc3
54. Qf5 Kg7 55. Nc6 Qc2 56. Rd4 Ra1 57. Nd8 Qc1 58. Rd3 0-1

[Event "12. Open de Sants 2010"]
[Site "Barcelona ESP"]
[Date "2010.08.25"]
[Round "6.7"]
[White "Rodshtein, Maxim"]
[Black "Leniart, Arkadiusz"]
[Result "1-0"]
[WhiteElo "2609"]
[BlackElo "2423"]
[PlyCount "37"]
[EventDate "2010.08.20"]
[EventType "swiss"]
[EventRounds "10"]
[EventCountry "ESP"]
[Source "lmi"]
[SourceDate "2010.08.20"]

1. Nf3 Nf6 2. c4 g6 3. Nc3 Bg7 4. e4 c5 5. d4 cxd4 6. Nxd4 Nc6 7. Be3 Ng4 8.
Qxg4 Bxd4 9. Bxd4 Nxd4 10. O-O-O Nc6 11. Qf4 d6 12. c5 O-O 13. h4 h5 14. Be2
Qa5 15. g4 Nd4 16. Rxd4 e5 17. Qh6 exd4 18. Nd5 Qd8 19. g5 1-0

[Event "12. Open de Sants 2010"]
[Site "Barcelona ESP"]
[Date "2010.08.25"]
[Round "6.8"]
[White "Bluvshtein, Mark"]
[Black "Gonzalez Perez, Arian"]
[Result "1-0"]
[WhiteElo "2583"]
[BlackElo "2403"]
[PlyCount "51"]
[EventDate "2010.08.20"]
[EventType "swiss"]
[EventRounds "10"]
[EventCountry "ESP"]
[Source "lmi"]
[SourceDate "2010.08.20"]

1. d4 Nf6 2. c4 g6 3. Nc3 Bg7 4. e4 d6 5. h3 O-O 6. Bg5 Na6 7. Nf3 Qe8 8. g4 h5
9. Qd2 hxg4 10. hxg4 Nxg4 11. O-O-O f6 12. Be3 Qf7 13. Bh3 Qxc4 14. Nh4 Nb4 15.
Kb1 Kf7 16. Bf1 Qe6 17. a3 a5 18. d5 Qd7 19. Bh3 Rh8 20. f3 Rxh4 21. Bxg4 Rxg4
22. fxg4 Na6 23. Rh7 Kg8 24. Qh2 Qd8 25. Rh1 Qf8 26. Rh8+ 1-0

[Event "12. Open de Sants 2010"]
[Site "Barcelona ESP"]
[Date "2010.08.25"]
[Round "6.9"]
[White "Anikaev, Yuri N"]
[Black "Nijboer, Friso"]
[Result "1/2-1/2"]
[WhiteElo "2411"]
[BlackElo "2582"]
[PlyCount "62"]
[EventDate "2010.08.20"]
[EventType "swiss"]
[EventRounds "10"]
[EventCountry "ESP"]
[Source "lmi"]
[SourceDate "2010.08.20"]

1. c4 g6 2. g3 Bg7 3. Bg2 d6 4. Nc3 Nf6 5. Nf3 O-O 6. O-O Nc6 7. Rb1 Bf5 8. d3
Qd7 9. Re1 a6 10. a3 Rac8 11. b4 Bh3 12. Bh1 h6 13. Bd2 e5 14. a4 Ne7 15. b5
axb5 16. axb5 Ng4 17. Ra1 f5 18. Ra7 Rb8 19. Qc2 Nc8 20. Ra3 Qe8 21. e4 Nb6 22.
Nd5 Nxd5 23. cxd5 Rf7 24. Rb1 g5 25. Be1 Qd7 26. b6 cxb6 27. Rxb6 f4 28. Ra7
Qd8 29. Rb4 Qf8 30. Qe2 Bf6 31. Bg2 h5 1/2-1/2

[Event "12. Open de Sants 2010"]
[Site "Barcelona ESP"]
[Date "2010.08.25"]
[Round "6.10"]
[White "Vidarte Morales, Arturo"]
[Black "Peralta, Fernando"]
[Result "1/2-1/2"]
[WhiteElo "2409"]
[BlackElo "2570"]
[PlyCount "76"]
[EventDate "2010.08.20"]
[EventType "swiss"]
[EventRounds "10"]
[EventCountry "ESP"]
[Source "lmi"]
[SourceDate "2010.08.20"]

1. e4 c6 2. c4 d5 3. exd5 Nf6 4. d4 cxd5 5. cxd5 Nxd5 6. Nc3 g6 7. Nf3 Bg7 8.
Be2 O-O 9. O-O Nc6 10. Re1 Bf5 11. Bg5 h6 12. Be3 Nxe3 13. fxe3 Rc8 14. Rc1 Qa5
15. Qb3 Qb4 16. Qxb4 Nxb4 17. Kf2 Rfd8 18. Red1 g5 19. h3 Kf8 20. a3 Nc6 21. b4
Nb8 22. g4 Bd7 23. Ne4 b6 24. Ng3 e6 25. Nh5 Bh8 26. b5 Ke7 27. e4 Rxc1 28.
Rxc1 Rc8 29. Rxc8 Bxc8 30. Ke3 Nd7 31. e5 Bb7 32. Bd3 Bd5 33. Nd2 f6 34. exf6+
Nxf6 35. Nxf6 Bxf6 36. Be4 Kd6 37. Kd3 Bg7 38. Nc4+ Bxc4+ 1/2-1/2

[Event "12. Open de Sants 2010"]
[Site "Barcelona ESP"]
[Date "2010.08.25"]
[Round "6.11"]
[White "Narciso Dublan, Marc"]
[Black "Kanarek, Marcel"]
[Result "1/2-1/2"]
[WhiteElo "2540"]
[BlackElo "2387"]
[PlyCount "70"]
[EventDate "2010.08.20"]
[EventType "swiss"]
[EventRounds "10"]
[EventCountry "ESP"]
[Source "lmi"]
[SourceDate "2010.08.20"]

1. d4 Nf6 2. c4 g6 3. Nc3 d5 4. Nf3 Bg7 5. Bg5 Ne4 6. Bh4 Nxc3 7. bxc3 c5 8.
cxd5 Qxd5 9. e3 cxd4 10. cxd4 Nc6 11. Be2 O-O 12. O-O e5 13. dxe5 Qxd1 14.
Rfxd1 Nxe5 15. Rab1 Be6 16. a4 b6 17. Nd4 Bc4 18. Bxc4 Nxc4 19. Nc6 Nb2 20. Rd7
Nxa4 21. Rxa7 Rxa7 22. Nxa7 Ra8 23. Nb5 Ra5 24. h3 Bb2 25. Nd6 Rc5 26. g4 b5
27. Nb7 Rd5 28. Na5 Rd2 29. Be7 Nc3 30. Rf1 Nd5 31. Nb3 Rd3 32. Nc5 Rc3 33. Bd6
Ba3 34. Ne4 Bxd6 35. Nxd6 b4 1/2-1/2

[Event "12. Open de Sants 2010"]
[Site "Barcelona ESP"]
[Date "2010.08.25"]
[Round "6.12"]
[White "Alonso Garcia, Rene Marcial"]
[Black "Alonso Rosell, Alvar"]
[Result "0-1"]
[WhiteElo "2396"]
[BlackElo "2521"]
[PlyCount "48"]
[EventDate "2010.08.20"]
[EventType "swiss"]
[EventRounds "10"]
[EventCountry "ESP"]
[Source "lmi"]
[SourceDate "2010.08.20"]

1. e4 c5 2. Nf3 d6 3. d4 Nf6 4. Nc3 cxd4 5. Nxd4 a6 6. Bc4 e6 7. O-O b5 8. Bb3
b4 9. Na4 Be7 10. f4 O-O 11. e5 dxe5 12. fxe5 Nfd7 13. Rxf7 Rxf7 14. Nxe6 Qa5
15. Ng5 Bxg5 16. Qf3 Nxe5 17. Qxa8 Nec6 18. Bxg5 Qxg5 19. Re1 Kf8 20. Bxf7 Kxf7
21. c4 Qa5 22. Rf1+ Kg6 23. Rf8 Qc7 24. Nc5 Qe7 0-1

[Event "12. Open de Sants 2010"]
[Site "Barcelona ESP"]
[Date "2010.08.25"]
[Round "6.13"]
[White "Bergez, Luc"]
[Black "Reinaldo Castineira, Roi"]
[Result "1/2-1/2"]
[WhiteElo "2394"]
[BlackElo "2511"]
[PlyCount "43"]
[EventDate "2010.08.20"]
[EventType "swiss"]
[EventRounds "10"]
[EventCountry "ESP"]
[Source "lmi"]
[SourceDate "2010.08.20"]

1. e4 e5 2. Bc4 Nf6 3. d4 Nc6 4. Nf3 exd4 5. e5 d5 6. Bb5 Ne4 7. Nxd4 Bd7 8.
Bxc6 bxc6 9. O-O Bc5 10. Be3 Bb6 11. Nd2 Nxd2 12. Qxd2 c5 13. Nb3 d4 14. Bg5
Qc8 15. c3 Bc6 16. cxd4 Bxg2 17. dxc5 Bxf1 18. Kxf1 Qh3+ 19. Kg1 Qg4+ 20. Kh1
Qf3+ 21. Kg1 Qg4+ 22. Kh1 1/2-1/2

[Event "12. Open de Sants 2010"]
[Site "Barcelona ESP"]
[Date "2010.08.25"]
[Round "6.14"]
[White "Cori Tello, Jorge"]
[Black "Ootes, Lars"]
[Result "1-0"]
[WhiteElo "2486"]
[BlackElo "2315"]
[PlyCount "113"]
[EventDate "2010.08.20"]
[EventType "swiss"]
[EventRounds "10"]
[EventCountry "ESP"]
[Source "lmi"]
[SourceDate "2010.08.20"]

1. d4 Nf6 2. Nf3 g6 3. c4 Bg7 4. Nc3 O-O 5. g3 c5 6. Bg2 cxd4 7. Nxd4 Qc7 8. b3
d5 9. Ndb5 Qa5 10. Bd2 dxc4 11. bxc4 a6 12. Nd5 Qd8 13. Nbc7 Nxd5 14. Nxa8 Nc3
15. Qb3 Ne4 16. Bxe4 Bxa1 17. Nb6 Bh3 18. Bxb7 e6 19. Be4 Qd4 20. Bd3 Nc6 21.
e3 Qg4 22. Qd1 Ne5 23. Be2 Qe4 24. f3 Nd3+ 25. Bxd3 Qxd3 26. Qb3 Qf5 27. Ke2
Bg7 28. e4 Qh5 29. Rg1 Rd8 30. Be3 Bd4 31. Rd1 Bxb6 32. Bxb6 Rc8 33. c5 e5 34.
Qd3 Be6 35. h4 a5 36. a3 g5 37. Rh1 g4 38. Kf2 gxf3 39. Qxf3 Qxf3+ 40. Kxf3 h5
41. Rc1 Bd7 42. Bxa5 Ra8 43. Bb4 Bc6 44. Ke3 Rd8 45. Bc3 Ra8 46. Bxe5 Rxa3+ 47.
Kf4 Ra4 48. Re1 Rc4 49. Bd6 Kg7 50. Kf5 Bd7+ 51. Ke5 Bc6 52. Be7 Kg6 53. Kd6
Bxe4 54. Rxe4 Rxe4 55. Kd7 f5 56. c6 Rd4+ 57. Bd6 1-0

[Event "12. Open de Sants 2010"]
[Site "Barcelona ESP"]
[Date "2010.08.25"]
[Round "6.15"]
[White "Barrientos, Sergio E"]
[Black "Kadric, Denis"]
[Result "1-0"]
[WhiteElo "2477"]
[BlackElo "2263"]
[PlyCount "79"]
[EventDate "2010.08.20"]
[EventType "swiss"]
[EventRounds "10"]
[EventCountry "ESP"]
[Source "lmi"]
[SourceDate "2010.08.20"]

1. e4 c5 2. Nf3 d6 3. d4 cxd4 4. Nxd4 Nf6 5. Nc3 a6 6. g3 e5 7. Nb3 Nbd7 8. a4
b6 9. Bg2 Bb7 10. O-O Be7 11. Re1 Rc8 12. Nd2 Rc5 13. Nf1 Qa8 14. Bg5 O-O 15.
Ne3 g6 16. Ng4 Qd8 17. h4 Nxg4 18. Bxe7 Qxe7 19. Qxg4 Rfc8 20. Red1 Nf8 21. Qg5
Qxg5 22. hxg5 Rd8 23. Ra3 Ne6 24. Rb3 b5 25. axb5 axb5 26. Nxb5 Ba6 27. Nc3 Nd4
28. Rb6 Be2 29. Rxd4 exd4 30. Nxe2 Rxc2 31. Nxd4 Rc1+ 32. Kh2 Rd1 33. Nc6 Re8
34. Bf3 Rd2 35. Kg2 Kg7 36. b4 Ra2 37. Na5 Rc8 38. Rc6 Rb8 39. Nc4 Rc2 40. e5
1-0

[Event "12. Open de Sants 2010"]
[Site "Barcelona ESP"]
[Date "2010.08.25"]
[Round "6.16"]
[White "Sowray, Peter J"]
[Black "Gerzhoy, Leonid"]
[Result "0-1"]
[WhiteElo "2383"]
[BlackElo "2471"]
[PlyCount "78"]
[EventDate "2010.08.20"]
[EventType "swiss"]
[EventRounds "10"]
[EventCountry "ESP"]
[Source "lmi"]
[SourceDate "2010.08.20"]

1. c4 c6 2. g3 d5 3. Bg2 Nf6 4. Nf3 dxc4 5. O-O b5 6. a4 Bb7 7. b3 cxb3 8. Qxb3
a6 9. Ba3 Nbd7 10. axb5 axb5 11. Nc3 e6 12. Bxf8 Kxf8 13. Rxa8 Qxa8 14. d4 g6
15. e4 Kg7 16. e5 Ne8 17. Ng5 Nc7 18. Rd1 h6 19. Nge4 c5 20. dxc5 Nxe5 21. Qb4
Rd8 22. Rd6 Qa1+ 23. Qb1 Qxb1+ 24. Nxb1 Rxd6 25. cxd6 Ne8 26. f4 Nd7 27. Nbd2
f5 28. Nc5 Nxc5 29. d7 Nxd7 30. Bxb7 Nd6 31. Bc6 Nc5 32. Kf2 e5 33. fxe5 Nd3+
34. Ke3 Nxe5 35. Bd5 Ng4+ 36. Kd4 Nxh2 37. Kc5 Ne8 38. Bc6 Nf6 39. Bxb5 Nh5 0-1

[Event "12. Open de Sants 2010"]
[Site "Barcelona ESP"]
[Date "2010.08.25"]
[Round "6.17"]
[White "Hirneise, Tobias"]
[Black "Haast, Anne"]
[Result "1-0"]
[WhiteElo "2454"]
[BlackElo "2240"]
[PlyCount "39"]
[EventDate "2010.08.20"]
[EventType "swiss"]
[EventRounds "10"]
[EventCountry "ESP"]
[Source "lmi"]
[SourceDate "2010.08.20"]

1. Nf3 Nf6 2. c4 g6 3. Nc3 Bg7 4. e4 d6 5. d4 O-O 6. Be2 e5 7. Be3 Ng4 8. Bg5
f6 9. Bc1 Nc6 10. d5 Ne7 11. h3 Nh6 12. h4 f5 13. Ng5 c6 14. h5 fxe4 15. g4 Qb6
16. Be3 Qxb2 17. Na4 Qa3 18. Bc1 Qb4+ 19. Bd2 Qa3 20. Rh3 1-0

[Event "12. Open de Sants 2010"]
[Site "Barcelona ESP"]
[Date "2010.08.25"]
[Round "6.18"]
[White "Colon Garcia, Enrique"]
[Black "Brunner, Nicolas"]
[Result "0-1"]
[WhiteElo "2314"]
[BlackElo "2451"]
[PlyCount "54"]
[EventDate "2010.08.20"]
[EventType "swiss"]
[EventRounds "10"]
[EventCountry "ESP"]
[Source "lmi"]
[SourceDate "2010.08.20"]

1. Nf3 c5 2. e4 d6 3. d4 cxd4 4. Nxd4 Nf6 5. Nc3 a6 6. Be2 e5 7. Nb3 Be7 8. O-O
O-O 9. Re1 Be6 10. Bf3 a5 11. a4 Na6 12. Bg5 Rc8 13. Re2 Nb4 14. h3 h6 15. Bxf6
Bxf6 16. Bg4 Qb6 17. Nd2 Rfd8 18. Bxe6 fxe6 19. Nf3 Na6 20. Nb5 Nc7 21. c3 Nxb5
22. Qb3 d5 23. exd5 exd5 24. axb5 Rc5 25. Nxe5 Rxb5 26. Qa4 Rxb2 27. Nd7 Rxd7
0-1

[Event "12. Open de Sants 2010"]
[Site "Barcelona ESP"]
[Date "2010.08.25"]
[Round "6.19"]
[White "Albets Armengol, Roland"]
[Black "Karlsson, Lars"]
[Result "1/2-1/2"]
[WhiteElo "2133"]
[BlackElo "2449"]
[PlyCount "87"]
[EventDate "2010.08.20"]
[EventType "swiss"]
[EventRounds "10"]
[EventCountry "ESP"]
[Source "lmi"]
[SourceDate "2010.08.20"]

1. d4 d6 2. e4 g6 3. Nc3 Bg7 4. Be3 a6 5. Qd2 b5 6. h4 h5 7. Nf3 Nf6 8. Ng5 Ng4
9. f4 Nd7 10. e5 Nb6 11. b3 Bf5 12. Bd3 Qc8 13. O-O f6 14. Nf3 Bxd3 15. Qxd3
Qf5 16. Qxf5 gxf5 17. Rae1 Nxe3 18. Rxe3 b4 19. Ne2 Nd5 20. Rd3 Kd7 21. g3 Rhc8
22. c4 bxc3 23. Nxc3 Nxc3 24. Rxc3 a5 25. Rfc1 fxe5 26. dxe5 e6 27. Rc6 dxe5
28. Nxe5+ Bxe5 29. fxe5 Ra7 30. Kf2 Rb8 31. R6c5 a4 32. R1c3 axb3 33. axb3 Rb4
34. Rd3+ Ke8 35. Rdc3 Kd7 36. Rd3+ Ke8 37. Rdc3 Rab7 38. Rxc7 Rxc7 39. Rxc7
Rxb3 40. Rh7 Rb5 41. Rxh5 Rxe5 42. g4 Re4 43. gxf5 exf5 44. Rxf5 1/2-1/2

[Event "12. Open de Sants 2010"]
[Site "Barcelona ESP"]
[Date "2010.08.26"]
[Round "7.1"]
[White "Martinez Duany, Lelys Stanley"]
[Black "Bluvshtein, Mark"]
[Result "0-1"]
[WhiteElo "2510"]
[BlackElo "2583"]
[PlyCount "178"]
[EventDate "2010.08.20"]
[EventType "swiss"]
[EventRounds "10"]
[EventCountry "ESP"]
[Source "lmi"]
[SourceDate "2010.08.20"]

1. e4 d6 2. d4 Nf6 3. Nc3 g6 4. Nf3 Bg7 5. Be2 c6 6. a4 O-O 7. O-O Nbd7 8. a5
e5 9. dxe5 dxe5 10. Bc4 Qe7 11. b3 Rb8 12. Ba3 c5 13. Qd3 b6 14. a6 Nh5 15.
Rfd1 Ndf6 16. Qd6 Qxd6 17. Rxd6 Ne8 18. Rdd1 Nc7 19. Nb5 Nxb5 20. Bxb5 Nf4 21.
Bb2 Bg4 22. Bxe5 Bxe5 23. Nxe5 Bxd1 24. Rxd1 Rbd8 25. Nd7 Kg7 26. Rd6 Ne6 27.
e5 Rh8 28. Kf1 Nc7 29. Bd3 Ne8 30. Rd5 Nc7 31. Rd6 Rhe8 32. Nf6 Rxd6 33. Nxe8+
Nxe8 34. exd6 Nxd6 35. f4 Kf6 36. Ke2 Ke6 37. g4 Kd5 38. Ke3 b5 39. c3 Kc6 40.
b4 Kb6 41. h4 h6 42. g5 hxg5 43. fxg5 c4 44. Bc2 Kxa6 45. Kd4 Kb6 46. Ke5 Kc7
47. Bd1 Kd7 48. Bf3 Ne8 49. Bd5 Ke7 50. Bc6 Nc7 51. Bf3 Kd7 52. Kf6 Ke8 53. Be4
a6 54. Bb7 Kf8 55. Bc6 Ne6 56. Bd5 Nd8 57. Be4 Ke8 58. Bf3 Kf8 59. Bd5 Ke8 60.
Bxf7+ Nxf7 61. Kxg6 Ne5+ 62. Kh7 Nd7 63. g6 Ke7 64. g7 Nf6+ 65. Kh8 a5 66. bxa5
b4 67. a6 bxc3 68. a7 c2 69. a8=Q c1=Q 70. Qb7+ Ke6 71. Qc6+ Kf5 72. Qc5+ Kg4
73. Qd4+ Qf4 74. Qg1+ Kh5 75. Qd1+ Kxh4 76. Qh1+ Kg5 77. Qg1+ Kh5 78. Qd1+ Kh6
79. Qh1+ Kg5 80. Qg1+ Qg4 81. Qc1+ Kh5 82. Qh1+ Kg6 83. Qb1+ Qf5 84. Qg1+ Qg5
85. Qb1+ Kh6 86. Qb7 Qg6 87. Qh1+ Qh5 88. g8=Q Nxg8 89. Qc6+ Kg5+ 0-1

[Event "12. Open de Sants 2010"]
[Site "Barcelona ESP"]
[Date "2010.08.26"]
[Round "7.2"]
[White "Cruz, Cristhian"]
[Black "Handke, Florian"]
[Result "0-1"]
[WhiteElo "2536"]
[BlackElo "2494"]
[PlyCount "114"]
[EventDate "2010.08.20"]
[EventType "swiss"]
[EventRounds "10"]
[EventCountry "ESP"]
[Source "lmi"]
[SourceDate "2010.08.20"]

1. d4 d5 2. c4 c6 3. Nf3 Nf6 4. Nc3 a6 5. c5 g6 6. h3 Bg7 7. Bf4 Bf5 8. Qb3 Qc8
9. e3 Nbd7 10. Be2 O-O 11. Nh4 Be6 12. Na4 Ne4 13. Nf3 f6 14. O-O Bf7 15. Bh2
e5 16. Qc2 Re8 17. Rad1 Bh6 18. Kh1 Qd8 19. Bd3 Ng5 20. Nxg5 Bxg5 21. f4 Bh6
22. dxe5 fxe5 23. e4 exf4 24. exd5 cxd5 25. Bxf4 Bxf4 26. Rxf4 Qg5 27. Qf2 Rf8
28. Rf1 Be6 29. Qd2 Rxf4 30. Rxf4 Qe5 31. Bc2 Rf8 32. Rxf8+ Nxf8 33. Bb3 d4 34.
Bc2 Nd7 35. b3 Nxc5 36. Qa5 Nd7 37. Qd8+ Nf8 38. Bd3 Qe1+ 39. Kh2 Qe5+ 40. Kh1
Qe1+ 41. Kh2 Qe3 42. Bc4 Bxc4 43. bxc4 Qf4+ 44. Kh1 Qf1+ 45. Kh2 Qf4+ 46. Kh1
Qc1+ 47. Kh2 Qxc4 48. Nb6 Qc5 49. Nd5 d3 50. Nf6+ Kf7 51. Ng4 h5 52. Qf6+ Ke8
53. Nf2 d2 54. Nd1 Qd5 55. a4 Qe4 56. Qc3 Qd5 57. Qf6 Qd7 0-1

[Event "12. Open de Sants 2010"]
[Site "Barcelona ESP"]
[Date "2010.08.26"]
[Round "7.3"]
[White "Gerzhoy, Leonid"]
[Black "Markowski, Tomasz"]
[Result "1/2-1/2"]
[WhiteElo "2471"]
[BlackElo "2628"]
[PlyCount "59"]
[EventDate "2010.08.20"]
[EventType "swiss"]
[EventRounds "10"]
[EventCountry "ESP"]
[Source "lmi"]
[SourceDate "2010.08.20"]

1. d4 c5 2. d5 d6 3. c4 e5 4. e4 Be7 5. Nf3 Nf6 6. Nc3 Nbd7 7. g3 O-O 8. Bg2
Ne8 9. O-O Nb6 10. b3 f5 11. exf5 Bxf5 12. Nd2 Bg5 13. Nde4 Bxc1 14. Rxc1 Nd7
15. Qd2 Qe7 16. Rce1 Bxe4 17. Nxe4 h6 18. f4 Nef6 19. Nxf6+ Rxf6 20. Bh3 Raf8
21. Qe2 Re8 22. Be6+ Kh8 23. Qg4 exf4 24. Bxd7 Qxe1 25. Rxe1 Rxe1+ 26. Kf2 Re4
27. Kf3 Re3+ 28. Kf2 Re4 29. Kf3 Re3+ 30. Kf2 1/2-1/2

[Event "12. Open de Sants 2010"]
[Site "Barcelona ESP"]
[Date "2010.08.26"]
[Round "7.4"]
[White "Brunner, Nicolas"]
[Black "Rodshtein, Maxim"]
[Result "0-1"]
[WhiteElo "2451"]
[BlackElo "2609"]
[PlyCount "90"]
[EventDate "2010.08.20"]
[EventType "swiss"]
[EventRounds "10"]
[EventCountry "ESP"]
[Source "lmi"]
[SourceDate "2010.08.20"]

1. d4 Nf6 2. c4 g6 3. Nc3 d5 4. cxd5 Nxd5 5. e4 Nxc3 6. bxc3 Bg7 7. Be3 c5 8.
Qd2 O-O 9. Nf3 Qa5 10. Rc1 Rd8 11. d5 e6 12. Be2 exd5 13. exd5 b5 14. Bxc5 Bb7
15. c4 Qxd2+ 16. Nxd2 bxc4 17. Bxc4 Bxd5 18. Bxd5 Rxd5 19. Be3 Nd7 20. O-O Nf6
21. Nb3 a5 22. Rc4 a4 23. Nc5 a3 24. h3 Rdd8 25. Bd4 Nh5 26. Bxg7 Kxg7 27. Nb3
Re8 28. Rd1 Re2 29. Nc1 Rb2 30. Rd3 Ra5 31. g4 Nf6 32. Rf3 Nd5 33. Nb3 Ra7 34.
Rd3 Nb6 35. Rb4 Na4 36. Rd2 Nc3 37. Rxb2 axb2 38. Nd2 Rxa2 39. Kg2 Nd1 40. Kf3
Ra3+ 41. Kg2 Rc3 42. Rb7 Rc2 43. Ne4 Re2 44. Nd6 Nc3 45. Kf3 Re6 0-1

[Event "12. Open de Sants 2010"]
[Site "Barcelona ESP"]
[Date "2010.08.26"]
[Round "7.5"]
[White "Alonso Rosell, Alvar"]
[Black "Escobar Forero, Alder"]
[Result "1/2-1/2"]
[WhiteElo "2521"]
[BlackElo "2474"]
[PlyCount "39"]
[EventDate "2010.08.20"]
[EventType "swiss"]
[EventRounds "10"]
[EventCountry "ESP"]
[Source "lmi"]
[SourceDate "2010.08.20"]

1. d4 Nf6 2. c4 d6 3. Nf3 Nbd7 4. Nc3 e5 5. g3 Be7 6. Bg2 O-O 7. O-O Re8 8. e4
c6 9. h3 Qc7 10. Be3 exd4 11. Nxd4 Bf8 12. Qc2 a6 13. a4 a5 14. f4 Nc5 15. Bf2
Be6 16. b3 Rad8 17. Rfe1 Bc8 18. Rad1 g6 19. Nf3 Nfd7 20. Bd4 1/2-1/2

[Event "12. Open de Sants 2010"]
[Site "Barcelona ESP"]
[Date "2010.08.26"]
[Round "7.6"]
[White "Rojas Keim, Luis"]
[Black "Oms Pallisse, Josep"]
[Result "1/2-1/2"]
[WhiteElo "2437"]
[BlackElo "2494"]
[PlyCount "96"]
[EventDate "2010.08.20"]
[EventType "swiss"]
[EventRounds "10"]
[EventCountry "ESP"]
[Source "lmi"]
[SourceDate "2010.08.20"]

1. d4 d5 2. c4 e6 3. Nf3 Nf6 4. e3 b6 5. Nbd2 Bb7 6. Bd3 Nbd7 7. b3 g6 8. O-O
Bg7 9. Qe2 O-O 10. Bb2 a6 11. Rad1 Qe7 12. e4 dxe4 13. Nxe4 c5 14. Ne5 cxd4 15.
Bxd4 Rfd8 16. Nxd7 Nxd7 17. Bxg7 Kxg7 18. Bc2 Bxe4 19. Bxe4 Rab8 20. g3 a5 21.
Rd2 Nc5 22. Bc2 Rxd2 23. Qxd2 Rd8 24. Qe2 Qf6 25. Rd1 Rxd1+ 26. Bxd1 Qd4 27. a3
Qc3 28. Qc2 Qe1+ 29. Kg2 e5 30. Be2 Ne6 31. Qe4 Kf6 32. Qf3+ Kg7 33. Qe4 Qc3
34. b4 axb4 35. axb4 h5 36. h4 Qxb4 37. Qxe5+ Kf8 38. Bf3 Qxc4 39. Qb8+ Kg7 40.
Qxb6 Nd4 41. Qb7 Qe6 42. Qe4 Qf6 43. Qd5 Nc2 44. Be4 Nd4 45. Bf3 Ne6 46. Be4
Qc3 47. Qd3 Qf6 48. Qf3 Qe5 1/2-1/2

[Event "12. Open de Sants 2010"]
[Site "Barcelona ESP"]
[Date "2010.08.26"]
[Round "7.7"]
[White "Perez Mitjans, Orelvis"]
[Black "Cori Tello, Jorge"]
[Result "1-0"]
[WhiteElo "2424"]
[BlackElo "2486"]
[PlyCount "81"]
[EventDate "2010.08.20"]
[EventType "swiss"]
[EventRounds "10"]
[EventCountry "ESP"]
[Source "lmi"]
[SourceDate "2010.08.20"]

1. e4 e5 2. Nc3 Nc6 3. g3 g6 4. Bg2 Bg7 5. d3 d6 6. Be3 Nf6 7. h3 Be6 8. Nd5
Bxd5 9. exd5 Ne7 10. c4 Nf5 11. Bd2 a5 12. Ne2 Nd7 13. h4 h5 14. Bh3 Nh6 15.
Bg5 Qc8 16. Nc3 f5 17. Qe2 Nf7 18. Be3 Nf6 19. d4 O-O 20. dxe5 Nxe5 21. O-O Re8
22. Bf4 Qd7 23. Rfd1 Qf7 24. Bg2 Nfd7 25. Nb5 Nc5 26. Qc2 Re7 27. Nd4 Kh8 28.
a3 Ng4 29. Bg5 Bf6 30. Qd2 a4 31. Re1 Rae8 32. Rxe7 Rxe7 33. Rd1 Ne5 34. Bf1
Ned7 35. Nf3 Bxg5 36. Nxg5 Qf6 37. Re1 Rxe1 38. Qxe1 Kg7 39. Qe8 Qf8 40. Ne6+
Nxe6 41. Qxd7+ 1-0

[Event "12. Open de Sants 2010"]
[Site "Barcelona ESP"]
[Date "2010.08.26"]
[Round "7.8"]
[White "Khmelniker, Ilya"]
[Black "Hirneise, Tobias"]
[Result "1-0"]
[WhiteElo "2483"]
[BlackElo "2454"]
[PlyCount "73"]
[EventDate "2010.08.20"]
[EventType "swiss"]
[EventRounds "10"]
[EventCountry "ESP"]
[Source "lmi"]
[SourceDate "2010.08.20"]

1. d4 Nf6 2. c4 g6 3. Nc3 Bg7 4. e4 d6 5. Nf3 O-O 6. Be2 e5 7. O-O Nc6 8. d5
Ne7 9. Ne1 Nd7 10. Be3 f5 11. f3 f4 12. Bf2 g5 13. Rc1 Ng6 14. c5 Nxc5 15. b4
Na6 16. Nd3 Rf7 17. Qc2 b6 18. Nb5 Qd7 19. Qc6 Qxc6 20. dxc6 Be6 21. a3 Nb8 22.
a4 a6 23. Nxd6 cxd6 24. b5 axb5 25. axb5 Ne7 26. Bxb6 Bf6 27. Bf2 Rf8 28. Rfd1
Nbxc6 29. bxc6 Ra2 30. Bf1 Bb3 31. Re1 Rc8 32. c7 Ra4 33. Rc3 Be6 34. Rec1 Kf7
35. Nb2 Ra2 36. Nc4 Ra6 37. Nb6 1-0

[Event "12. Open de Sants 2010"]
[Site "Barcelona ESP"]
[Date "2010.08.26"]
[Round "7.9"]
[White "Sidorenko, Ilya"]
[Black "Barrientos, Sergio E"]
[Result "0-1"]
[WhiteElo "2409"]
[BlackElo "2477"]
[PlyCount "62"]
[EventDate "2010.08.20"]
[EventType "swiss"]
[EventRounds "10"]
[EventCountry "ESP"]
[Source "lmi"]
[SourceDate "2010.08.20"]

1. e4 c5 2. Nf3 d6 3. d4 cxd4 4. Nxd4 Nf6 5. Nc3 a6 6. g3 e6 7. Bg2 Be7 8. O-O
Qc7 9. g4 h6 10. f4 Nc6 11. Nb3 Nd7 12. Qf3 b5 13. Be3 Bb7 14. a4 b4 15. Ne2
Na5 16. Nxa5 Qxa5 17. Qh3 Rc8 18. Nd4 Nc5 19. g5 Nxe4 20. g6 f5 21. Nxe6 Bf6
22. Bd4 Bxd4+ 23. Nxd4 O-O 24. Kh1 Rf6 25. Rae1 Re8 26. Re2 Qc5 27. c3 bxc3 28.
Qxc3 Qd5 29. Qb3 Qxb3 30. Nxb3 Rxg6 31. Bf3 Ng3+ 0-1